MARC

LEADER 00000nam0a2200000 4500
001 20598
005 20231101205351.0
010 |a 5090010536 
035 |a (RuTPU)RU\TPU\book\20784 
035 |a BOOK00020854 
090 |a 20598 
100 |a 20011209d1989 m y0rusy50 ca 
101 0 |a rus 
102 |a RU 
105 |a a j 000zy 
200 1 |a Психология ранней юности  |e Книга для учителя  |f И. С. Кон 
210 |a Москва  |c Просвещение  |d 1989 
215 |a 255 с.  |c ил 
225 1 |a Психологическая наука - школе 
610 1 |a психология 
610 1 |a детская психология 
610 1 |a возрастная психология 
610 1 |a дети 
610 1 |a юношеский возраст 
610 1 |a подростки 
610 1 |a школьная психология 
610 1 |a девиантное поведение 
610 1 |a учебные пособия 
686 |a Ю940я73  |v LBC/SL-A  |2 rubbk 
686 |a Ю98я73  |v LBC/SL-A  |2 rubbk 
700 1 |a Кон  |b И. С.  |c российский социолог  |c литератор  |f 1928-  |g Игорь Семенович  |2 stltpush  |3 (RuTPU)RU\TPU\pers\15785  |9 5506 
801 0 |a RU  |b 63413507  |c 20011209  |g PSBO 
801 2 |a RU  |b 63413507  |c 20170427  |g PSBO 
942 |c BK